|
|
|
|
| LEADER |
00695nam a2200181 4500 |
| 008 |
740115s1973 wb b 001 0 eng |
| 020 |
|
|
|a 0387061487 (New York)
|
| 080 |
|
|
|a 517.982
|b DAY
|
| 100 |
1 |
|
|a Day, Mahlon Marsh,
|9 1879
|
| 245 |
0 |
0 |
|a Normed linear spaces
|c [by] Mahlon M. Day.
|
| 250 |
|
|
|a 3d ed.
|
| 260 |
|
|
|a Berlin,
|a Heidelberg,
|a New York,
|b Springer,
|c 1973.
|
| 300 |
|
|
|a viii, 211 p.
|
| 653 |
|
|
|a Linear spaces
|
| 942 |
|
|
|c BK
|6 _
|
| 999 |
|
|
|c 217350
|d 217350
|
| 952 |
|
|
|0 0
|1 0
|4 0
|6 517982_DAY
|7 0
|9 281615
|a MAT
|b MAT
|d 2009-11-19
|o 517.982 DAY
|p MAT00558
|r 2009-11-19
|t 1
|w 2009-11-19
|y BK
|
| 952 |
|
|
|0 0
|1 0
|4 0
|6 517982_DAY1
|7 0
|9 281616
|a MAT
|b MAT
|d 2009-11-19
|o 517.982 DAY;1
|p MAT01200
|r 2009-11-19
|t 2
|w 2009-11-19
|y BK
|